Land reforms, productivity and farm size (Record no. 51490)

000 -LEADER
fixed length control field 00782pab a2200169 454500
008 - FIXED-LENGTH DATA ELEMENTS--GENERAL INFORMATION
fixed length control field 180718b2002 xxu||||| |||| 00| 0 eng d
100 ## - MAIN ENTRY--PERSONAL NAME
Personal name Dogra, Bharat
245 ## - TITLE STATEMENT
Title Land reforms, productivity and farm size
260 ## - PUBLICATION, DISTRIBUTION, ETC.
Date of publication, distribution, etc. 2002
300 ## - PHYSICAL DESCRIPTION
Extent p.532-33
362 ## - DATES OF PUBLICATION AND/OR SEQUENTIAL DESIGNATION
Dates of publication and/or sequential designation 9 Feb
520 ## - SUMMARY, ETC.
Summary, etc. As part of the implementation of the Private Forests (Acquisition) Act, the state government has been acquiring land distributed to tenants and the landless, threatening to evict large numbers of tribal cultivators, all in the name of environmental protection. The livelihood resources of the poor are increasingly being diverted into capital for the private sector. - Reproduced.
650 ## - SUBJECT ADDED ENTRY--TOPICAL TERM
Topical term or geographic name entry element Farm size
650 ## - SUBJECT ADDED ENTRY--TOPICAL TERM
Topical term or geographic name entry element Land reform
773 ## - HOST ITEM ENTRY
Main entry heading Economic and Political Weekly
909 ## -
-- 51490
Holdings
Withdrawn status Lost status Damaged status Not for loan Permanent Location Current Location Date acquired Serial Enumeration / chronology Barcode Date last seen Price effective from Koha item type
        Indian Institute of Public Administration Indian Institute of Public Administration 2018-07-19 Volume no: 37, Issue no: 6 AR51918 2018-07-19 2018-07-19 Articles

Powered by Koha